000 00518nam a22001811c 4500
001 a987693847
008 200423s1953 gw a||| 000u ger d
041 _ager
100 1 _aVisser, Philips Christiaan
240 1 0 _aMijn indrukken uit de Sovjet-Unie
245 0 0 _aSo sah ich die Sowjetunion :
_bEindrücke aus dem heutigen Rußland
264 _aFrauenfeld :
_bHuber,
_c1953
300 _a167 Seiten : Illustrationen
651 0 _aSowjetunion
942 _cMG
040 _cRU-10907106
003 RU-10907106
999 _c30752
_d30752